[Event "FRA-ch U12"]
[Site "Saint Paul Trois Chateaux"]
[Date "2013.05.02"]
[Round "5"]
[White "Vlachos, Anatole"]
[Black "Tenev, Preslav"]
[Result "1-0"]
[WhiteElo "1764"]
[BlackElo "1590"]
[PlyCount "69"]
[EventDate "2013.04.28"]
[EventType "swiss"]
[EventRounds "9"]
[EventCountry "FRA"]
[SourceTitle "CBM 154 Extra"]
[Source "ChessBase"]
[SourceDate "2013.06.25"]
[SourceVersion "2"]
[SourceVersionDate "2013.06.25"]
[SourceQuality "1"]

1. e4 e5 2. Nf3 Nc6 3. d4 exd4 4. Bc4 Be7 5. c3 d6 6. cxd4 Bg4 7. Be3 Nf6 8. Nbd2 0-0 9. 0-0 d5 10. exd5 Nxd5 11. Qc2 Re8 12. Qe4 Nf6 13. Qf4 h6 14. Ne5 Be6 15. Bxe6 fxe6 16. Nxc6 bxc6 17. Qg3 Kh7 18. Nf3 Nd5 19. Ne5 g5 20. Qh3 Rg8 21. Qxe6 Qe8 22. Nxc6 Rg6 23. Qxd5 Rxc6 24. Rac1 Rd6 25. Qe4+ Kg8 26. Rxc7 Rd7 27. Rxd7 Qxd7 28. Qxa8+ Kf7 29. Qf3+ Ke8 30. Qh5+ Kd8 31. Qxh6 Qd5 32. Rc1 Qa5 33. Qh8+ Kd7 34. Qc8+ Kd6 35. Qc6# 1-0